Depresión (Record no. 77934)

MARC details
000 -LEADER
campo de control de longitud fija 01118nam a2200253 i 4500
001 - NÚMERO DE CONTROL
campo de control 77934
003 - IDENTIFICADOR DE NÚMERO DE CONTROL
campo de control ES-MaACL
005 - FECHA Y HORA DE LA ÚLTIMA TRANSACCIÓN
campo de control 20250811100941.0
007 - CAMPO FIJO DE DESCRIPCIÓN FÍSICA--INFORMACIÓN GENERAL
campo de control de longitud fija t|
008 - DATOS DE LONGITUD FIJA--INFORMACIÓN GENERAL
campo de control de longitud fija 041115s1971 sp |||| | spa d
080 ## - NÚMERO DE LA CLASIFICACIÓN DECIMAL UNIVERSAL
Número de la Clasificación Decimal Universal 061.236.7(460.27 M.).053"1970":616.89
080 ## - NÚMERO DE LA CLASIFICACIÓN DECIMAL UNIVERSAL
Número de la Clasificación Decimal Universal 616.89:061.236.7(460.27 M.).053"1970"
080 ## - NÚMERO DE LA CLASIFICACIÓN DECIMAL UNIVERSAL
Número de la Clasificación Decimal Universal 616.8-008.64(04)
110 2# - ENTRADA PRINCIPAL--NOMBRE DE ENTIDAD CORPORATIVA
Nombre de entidad corporativa o nombre de jurisdicción como elemento de entrada Sociedad Española de Psiquiatría.
Unidad subordinada Reunión conjunta
Número del congreso/reunión o número de parte o sección (1ª.
Fecha del congreso o de la firma del tratado 1970.
Sede del congreso/Lugar de la reunión Madrid)
9 (RLIN) 6752
245 10 - MENCIÓN DEL TÍTULO
Título Depresión
Resto del título : aspectos psicosomáticos, etiopatogénicos, clínicos y sociológicos : su tratamiento /
Mención de responsabilidad, etc. Sociedad Española de Psiquiatría, Sociedad Española de Medicina Interna, Sociedad Española de Medicina Psicosomática, I Reunión Conjunta.
260 ## - PUBLICACIÓN, DISTRIBUCIÓN, ETC.
Lugar de publicación, distribución, etc. Madrid :
Nombre del editor, distribuidor, etc. Productos Roche,
Fecha de publicación, distribución, etc. [1971]
300 ## - DESCRIPCIÓN FÍSICA
Extensión 389 p. :
Otras características físicas il. col. ;
Dimensiones 24 cm.
650 14 - PUNTO DE ACCESO ADICIONAL DE MATERIA--TÉRMINO DE MATERIA
Término de materia o nombre geográfico como elemento de entrada Depresión mental-
Subdivisión de forma Congresos y asambleas.
9 (RLIN) 11598
710 2# - ENTRADA AGREGADA--NOMBRE DE ENTIDAD CORPORATIVA
Nombre de entidad corporativa o nombre de jurisdicción como elemento de entrada Sociedad Española de Medicina Psicosomática y Psicoterarapia.
9 (RLIN) 6738
710 2# - ENTRADA AGREGADA--NOMBRE DE ENTIDAD CORPORATIVA
Nombre de entidad corporativa o nombre de jurisdicción como elemento de entrada Sociedad Española de Medicina Interna.
9 (RLIN) 6737
710 2# - ENTRADA AGREGADA--NOMBRE DE ENTIDAD CORPORATIVA
Nombre de entidad corporativa o nombre de jurisdicción como elemento de entrada Productos Roche.
9 (RLIN) 6261
852 ## - LOCALIZACIÓN
Ubicación ES-MaACL
Número de control de estantería L-28448
Holdings
Estatus retirado Estado de pérdida Estado de daño No para préstamo Biblioteca de origen Biblioteca actual Ubicación en estantería Fecha de adquisición Fuente de adquisición Total de préstamos Signatura topográfica completa Código de barras Visto por última vez Precio de reemplazo Tipo de ítem Koha
        Biblioteca del Ateneo de Madrid Biblioteca del Ateneo de Madrid Depósito 2 17/01/2008     L-28448 1081530 23/02/2023 23/02/2023 Libro impreso